000 00853nam a2200229 u 4500
005 20230223063535.0
008 101208s2009 mx r 000 0 spa d
020 _a9786074420975
035 _aUPN01000178914
049 _aCG
050 4 _aHF5351
_bR6.38 2009
100 1 _aRobbins, Stephen Paul,
_d1943-
_930976
245 1 0 _aFundamentos de administración :
_bconceptos esenciales y aplicaciones /
_cStephen P. Robbins, David A. DeCenzo ; colab. Henry Moon ; tr. Mónica Gabriela Martinez Gay.
250 _a6a ed.
260 _aMéxico :
_bPearson,
_c2009.
300 _a454 p. :
_bil.
534 _pTítulo original :
_tFundamentals of managaement essential concepts and aplications
650 2 _aAdministración
_xEstudio y enseñanza
_9423
700 1 _aDeCenzo, David A.,
_ecoaut.
_930977
700 1 _aMoon, Henry,
_ecolab.
905 _aLibro
999 _c151017
_d151017